What Makes You Beautiful - One Direction (All Lyrics) - Statistics

General Stats
  • This quiz has been taken 6,243 times
  • The average score is 339 of 409
Answer Stats
WMYB % Correct
you
100%
You
100%
I
99%
don't
98%
Don't
98%
know
98%
what
98%
your
98%
the
97%
The
97%
a
96%
beautiful
96%
in
96%
that
95%
up
95%
Verse 1 You're
95%
you're
95%
else
94%
to
94%
To
94%
it
93%
light
93%
like
93%
way
93%
when
93%
Breakdown | Chorus Baby
92%
can
92%
my
92%
nobody
92%
see
92%
world
92%
but
91%
But
91%
Pre-Chorus Everyone
90%
for
90%
me
90%
hair
89%
room
89%
insecure
88%
smile
86%
at
85%
door
85%
flip
85%
hard
85%
makes
84%
tell
84%
walk
84%
gets
83%
is
83%
overwhelmed
83%
cover
82%
turn
82%
makeup
81%
need
81%
through
81%
are
80%
ground
79%
enough
78%
oh
78%
Oh
78%
so
78%
Verse 2 So
78%
heads
77%
That's
77%
turning
77%
on
76%
Being
75%
being
75%
ain't
72%
why
72%
look
70%
and
65%
And
65%
If
64%
want
63%
i'm
62%
I'm
62%
only
61%
understand
60%
can't
59%
Right
59%
right
59%
looking
56%
now
56%
saw
56%
believe
55%
shy
55%
desperately
54%
come
53%
eyes
53%
got
53%
into
48%
wrong
48%
You'll
46%
song
45%
put
44%
prove
43%
away
37%
Bridge Na
37%
na
37%
No matching quizzes found
Score Distribution
Percent of People with Each Score
Percentile by Number Answered
Your Score History
You have not taken this quiz